[Event "43. Olimpiada Batumi 2018 Femenina"]
[Site "Batumi GEO"]
[Date "2018.09.24"]
[Round "1.1"]
[White "Ndirangu, Joyce Nyaruai"]
[Black "Olde, Margareth"]
[Result "0-1"]
[WhiteElo "1673"]
[BlackElo "2158"]
[PlyCount "116"]
[EventDate "2018.09.24"]
[EventType "team-swiss"]
[EventRounds "11"]
[EventCountry "GEO"]
[SourceTitle "Ajedrez en Madrid"]
[Source "lmi"]
[SourceDate "2018.09.24"]
[WhiteTeam "Kenya"]
[BlackTeam "Estonia"]
[WhiteTeamCountry "KEN"]
[BlackTeamCountry "EST"]

1. d4 d5 2. Bf4 Nf6 3. e3 c5 4. c3 e6 5. Nd2 Bd6 6. Ngf3 O-O 7. Be2 b6 8. O-O
Bb7 9. Ne5 Qc7 10. Bg3 Ne4 11. Nxe4 dxe4 12. Rc1 f6 13. Nc4 Bxg3 14. hxg3 Rd8
15. Qc2 Nd7 16. Rfd1 Rac8 17. Nd2 cxd4 18. exd4 e3 19. Nf3 exf2+ 20. Kxf2 f5
21. Rh1 Nf6 22. Ne5 Rxd4 23. Nd3 Ne4+ 24. Kg1 Qxg3 25. Rh3 Qc7 26. Qb3 Rd6 27.
Qd1 Ba6 28. Qe1 Bxd3 29. Bxd3 Qc5+ 30. Kf1 Rcd8 31. Bxe4 fxe4 32. Qxe4 Qf5+ 33.
Qxf5 exf5 34. Re1 Rd1 35. Rhe3 Rxe1+ 36. Kxe1 Kf7 37. Rh3 h6 38. Rh4 Rd6 39.
Rc4 Kf6 40. Rc7 Re6+ 41. Kf2 Re7 42. Rc6+ Ke5 43. b3 h5 44. Rg6 h4 45. Kf3 Rd7
46. Ke2 b5 47. Ke3 f4+ 48. Ke2 Kf5 49. Rc6 Re7+ 50. Kf2 g5 51. Rc5+ Re5 52. Rc7
a5 53. Ra7 g4 54. Rxa5 g3+ 55. Kf1 h3 56. gxh3 f3 57. c4 Kf4 58. Rxb5 g2+ 0-1

[Event "43. Olimpiada Batumi 2018 Femenina"]
[Site "Batumi GEO"]
[Date "2018.09.24"]
[Round "1.2"]
[White "Tsiganova, Monika"]
[Black "Jumba, Gloria"]
[Result "1-0"]
[WhiteElo "2102"]
[BlackElo "1598"]
[PlyCount "79"]
[EventDate "2018.09.24"]
[EventType "team-swiss"]
[EventRounds "11"]
[EventCountry "GEO"]
[SourceTitle "Ajedrez en Madrid"]
[Source "lmi"]
[SourceDate "2018.09.24"]
[WhiteTeam "Estonia"]
[BlackTeam "Kenya"]
[WhiteTeamCountry "EST"]
[BlackTeamCountry "KEN"]

1. d4 Nf6 2. Nf3 g6 3. c4 d6 4. Nc3 Bg7 5. g3 O-O 6. Bg2 Nc6 7. O-O e5 8. d5
Nb8 9. e4 a5 10. h3 Na6 11. Be3 h6 12. Rb1 b6 13. b3 Nc5 14. Qc2 Bd7 15. Nd2
Nh5 16. a3 Nb7 17. Qd1 Kh7 18. Rc1 Bh8 19. b4 Ng7 20. f4 exf4 21. gxf4 axb4 22.
axb4 Ne8 23. Nf3 Qe7 24. Bd4 f6 25. Qe1 Ng7 26. Ra1 Rfe8 27. Qf2 Nh5 28. Qh4
Qf8 29. Rxa8 Rxa8 30. e5 dxe5 31. fxe5 Qxb4 32. exf6 Nd6 33. Ne5 Nf5 34. Qg4
Rg8 35. Nxd7 Nxd4 36. Qxd4 Qd6 37. Qg4 Rd8 38. Ne4 Qxd7 39. Qxd7+ Rxd7 40. f7
1-0

[Event "43. Olimpiada Batumi 2018 Femenina"]
[Site "Batumi GEO"]
[Date "2018.09.24"]
[Round "1.3"]
[White "Wanjiru, Lucy"]
[Black "Narva, Triin"]
[Result "0-1"]
[WhiteElo "1475"]
[BlackElo "2113"]
[PlyCount "74"]
[EventDate "2018.09.24"]
[EventType "team-swiss"]
[EventRounds "11"]
[EventCountry "GEO"]
[SourceTitle "Ajedrez en Madrid"]
[Source "lmi"]
[SourceDate "2018.09.24"]
[WhiteTeam "Kenya"]
[BlackTeam "Estonia"]
[WhiteTeamCountry "KEN"]
[BlackTeamCountry "EST"]

1. e4 d5 2. exd5 Qxd5 3. Nc3 Qd6 4. Nf3 Nf6 5. Be2 a6 6. d3 Nc6 7. Be3 Bg4 8.
h3 Bh5 9. Qd2 O-O-O 10. g4 Bg6 11. Nh4 e5 12. Nxg6 hxg6 13. O-O-O Qe6 14. g5
Nd7 15. Bg4 Qe8 16. Ne4 Kb8 17. Bxd7 Qxd7 18. h4 Qe6 19. Kb1 Nb4 20. b3 b6 21.
Qe2 a5 22. Bc1 a4 23. a3 Nc6 24. b4 Nd4 25. Qe3 Qc6 26. c3 Nf5 27. Qf3 Qe6 28.
h5 gxh5 29. Rxh5 Rxh5 30. Qxh5 g6 31. Qe2 Be7 32. Bb2 Ka7 33. Qc2 b5 34. c4 Qc6
35. Bxe5 bxc4 36. Rc1 Qb5 37. dxc4 Qxe5 0-1

[Event "43. Olimpiada Batumi 2018 Femenina"]
[Site "Batumi GEO"]
[Date "2018.09.24"]
[Round "1.4"]
[White "Olde, Grete"]
[Black "Mwikali, Daphne"]
[Result "1-0"]
[WhiteElo "1907"]
[BlackElo "1481"]
[PlyCount "73"]
[EventDate "2018.09.24"]
[EventType "team-swiss"]
[EventRounds "11"]
[EventCountry "GEO"]
[SourceTitle "Ajedrez en Madrid"]
[Source "lmi"]
[SourceDate "2018.09.24"]
[WhiteTeam "Estonia"]
[BlackTeam "Kenya"]
[WhiteTeamCountry "EST"]
[BlackTeamCountry "KEN"]

1. e4 e5 2. Nf3 d6 3. d4 exd4 4. Nxd4 Nf6 5. Nc3 Be7 6. Bc4 a6 7. O-O b5 8. Bd3
Bb7 9. Nf5 O-O 10. Qf3 Nc6 11. Qg3 Ne8 12. Nd5 Bf6 13. c3 Ne5 14. Nxf6+ Qxf6
15. Bc2 Ng6 16. Bg5 Qe6 17. Nd4 Qd7 18. f4 c5 19. Nf3 f6 20. f5 Ne5 21. Bf4 Nc7
22. Rad1 Qe7 23. h4 Rad8 24. h5 Rd7 25. Rd2 Rfd8 26. Rfd1 Qf7 27. h6 Qxa2 28.
Rxd6 Nxf3+ 29. gxf3 Qf7 30. Rxd7 Rxd7 31. Rxd7 Qxd7 32. Bxc7 c4 33. b3 Kh8 34.
hxg7+ Qxg7 35. Qxg7+ Kxg7 36. bxc4 bxc4 37. f4 1-0

[Event "43. Olimpiada Batumi 2018 Femenina"]
[Site "Batumi GEO"]
[Date "2018.09.24"]
[Round "1.1"]
[White "Rogule, Laura"]
[Black "Gurung, Sushila"]
[Result "1-0"]
[WhiteElo "2268"]
[BlackElo "1414"]
[PlyCount "91"]
[EventDate "2018.09.24"]
[EventType "team-swiss"]
[EventRounds "11"]
[EventCountry "GEO"]
[SourceTitle "Ajedrez en Madrid"]
[Source "lmi"]
[SourceDate "2018.09.24"]
[WhiteTeam "Latvia"]
[BlackTeam "Nepal"]
[WhiteTeamCountry "LAT"]
[BlackTeamCountry "NEP"]

1. d4 d6 2. Nf3 Nf6 3. c4 g6 4. Nc3 Bg7 5. g3 O-O 6. Bg2 Nbd7 7. O-O c6 8. e4
h6 9. h3 Re8 10. Re1 Nh7 11. Kh2 Qc7 12. Be3 e5 13. Qd2 Nb6 14. b3 Nd7 15. Bxh6
Bf6 16. Rad1 a6 17. Be3 Ndf8 18. Na4 Nd7 19. dxe5 dxe5 20. c5 Rd8 21. Qd6 Qa5
22. Bd2 Nxc5 23. Bxa5 Rxd6 24. Rxd6 Nxa4 25. bxa4 Be6 26. Rb1 Be7 27. Rd2 b5
28. Nxe5 Rc8 29. Rc2 c5 30. axb5 axb5 31. Rxb5 Bd6 32. Nc4 Be7 33. e5 Nf8 34.
Nd6 Bxd6 35. exd6 Nd7 36. Bc7 Kg7 37. a4 c4 38. a5 Nf6 39. a6 Ne8 40. a7 Nxc7
41. dxc7 Rxc7 42. a8=Q c3 43. Rxc3 Rxc3 44. Qa1 Kh6 45. Qxc3 Bxh3 46. Qh8# 1-0

[Event "43. Olimpiada Batumi 2018 Femenina"]
[Site "Batumi GEO"]
[Date "2018.09.24"]
[Round "1.2"]
[White "Joshi, Sindira"]
[Black "Berzina, Ilze"]
[Result "0-1"]
[WhiteElo "1584"]
[BlackElo "2218"]
[PlyCount "64"]
[EventDate "2018.09.24"]
[EventType "team-swiss"]
[EventRounds "11"]
[EventCountry "GEO"]
[SourceTitle "Ajedrez en Madrid"]
[Source "lmi"]
[SourceDate "2018.09.24"]
[WhiteTeam "Nepal"]
[BlackTeam "Latvia"]
[WhiteTeamCountry "NEP"]
[BlackTeamCountry "LAT"]

1. e4 c6 2. d4 d5 3. Nc3 dxe4 4. Nxe4 Nd7 5. Nf3 Ngf6 6. Bd3 Nxe4 7. Bxe4 Nf6
8. Bd3 Bg4 9. c3 e6 10. h3 Bh5 11. Be2 Bd6 12. O-O O-O 13. Bg5 h6 14. Bh4 Be7
15. Ne5 Bxe2 16. Qxe2 Nd5 17. Bxe7 Nxe7 18. Rfe1 Nf5 19. Qc4 Qc7 20. Re2 Rad8
21. Rae1 Rd5 22. Qb3 Rfd8 23. Qc2 c5 24. dxc5 Qxc5 25. Qe4 Ng3 26. Qf3 Nxe2+
27. Qxe2 Rd2 28. Qf3 Qc7 29. Qe3 Rd1 30. f4 Rxe1+ 31. Qxe1 Qb6+ 32. Qf2 Rd1+
0-1

[Event "43. Olimpiada Batumi 2018 Femenina"]
[Site "Batumi GEO"]
[Date "2018.09.24"]
[Round "1.3"]
[White "Otikova, Elina"]
[Black "Lohani, Sujana"]
[Result "1-0"]
[WhiteElo "2123"]
[BlackElo "1537"]
[PlyCount "101"]
[EventDate "2018.09.24"]
[EventType "team-swiss"]
[EventRounds "11"]
[EventCountry "GEO"]
[SourceTitle "Ajedrez en Madrid"]
[Source "lmi"]
[SourceDate "2018.09.24"]
[WhiteTeam "Latvia"]
[BlackTeam "Nepal"]
[WhiteTeamCountry "LAT"]
[BlackTeamCountry "NEP"]

1. e4 g6 2. d4 Bg7 3. Nf3 d6 4. Nc3 a6 5. Be3 Nf6 6. Qd2 b5 7. Bh6 Bxh6 8. Qxh6
b4 9. Nd5 Nxd5 10. exd5 Nd7 11. Qg7 Rf8 12. Ng5 Nf6 13. Bd3 Bb7 14. Nxh7 Nxh7
15. Qxh7 Bxd5 16. O-O Kd7 17. Qh3+ e6 18. a3 Rh8 19. Qg3 Qf6 20. axb4 Qxd4 21.
c3 Qb6 22. Rfc1 Bb7 23. Ra4 Qc6 24. Ra5 Qb6 25. Rg5 Rag8 26. b5 c5 27. bxc6+
Qxc6 28. Rg4 Rh5 29. Rc4 Qd5 30. Rd4 Qc5 31. b4 Qc7 32. Be2 Rgh8 33. Bxh5 Rxh5
34. Rcd1 d5 35. Qxc7+ Kxc7 36. c4 Kb6 37. f3 Re5 38. Kf2 Bc6 39. Rf4 Be8 40.
cxd5 Rxd5 41. Rxd5 exd5 42. Rf6+ Kb5 43. Ke3 Bc6 44. Kd4 Be8 45. Kxd5 Kxb4 46.
Rxa6 Bd7 47. Rf6 Ba4 48. Kd6 Bb3 49. Ke7 Kc5 50. Rxf7 Bxf7 51. Kxf7 1-0

[Event "43. Olimpiada Batumi 2018 Femenina"]
[Site "Batumi GEO"]
[Date "2018.09.24"]
[Round "1.4"]
[White "Khamboo, Monalisha"]
[Black "Krumina, Linda"]
[Result "0-1"]
[WhiteElo "1704"]
[BlackElo "2081"]
[PlyCount "52"]
[EventDate "2018.09.24"]
[EventType "team-swiss"]
[EventRounds "11"]
[EventCountry "GEO"]
[SourceTitle "Ajedrez en Madrid"]
[Source "lmi"]
[SourceDate "2018.09.24"]
[WhiteTeam "Nepal"]
[BlackTeam "Latvia"]
[WhiteTeamCountry "NEP"]
[BlackTeamCountry "LAT"]

1. d4 d5 2. c4 c6 3. Nc3 Nf6 4. Bf4 e6 5. e3 Bd6 6. Bxd6 Qxd6 7. Nf3 Nbd7 8. c5
Qc7 9. b4 O-O 10. Bd3 e5 11. e4 exd4 12. Nxd4 dxe4 13. Bc2 a5 14. a3 Qe5 15.
O-O axb4 16. Na4 bxa3 17. Rxa3 Nxc5 18. Re3 Nxa4 19. Bxa4 Ng4 20. Rg3 e3 21. f3
e2 22. Nxe2 Ne3 23. Qb3 Nxf1 24. Kxf1 Qa1+ 25. Kf2 Rxa4 26. Qe3 Ra2 0-1

[Event "43. Olimpiada Batumi 2018 Femenina"]
[Site "Batumi GEO"]
[Date "2018.09.24"]
[Round "1.1"]
[White "Vilhete, Vania Fausto Da T"]
[Black "Frayna, Janelle Mae"]
[Result "0-1"]
[WhiteElo "1752"]
[BlackElo "2287"]
[PlyCount "56"]
[EventDate "2018.09.24"]
[EventType "team-swiss"]
[EventRounds "11"]
[EventCountry "GEO"]
[SourceTitle "Ajedrez en Madrid"]
[Source "lmi"]
[SourceDate "2018.09.24"]
[WhiteTeam "Mozambique"]
[BlackTeam "Philippines"]
[WhiteTeamCountry "MOZ"]
[BlackTeamCountry "PHI"]

1. d4 d5 2. c4 dxc4 3. Nc3 a6 4. a4 Nc6 5. d5 Na5 6. e4 e6 7. Nf3 Nf6 8. Be2
Bb4 9. Bg5 h6 10. Bxf6 Qxf6 11. e5 Qd8 12. dxe6 Qxd1+ 13. Rxd1 Bxe6 14. O-O
Bxc3 15. bxc3 Nb3 16. Nd4 Nxd4 17. Rxd4 Rd8 18. Rfd1 Ke7 19. a5 Rxd4 20. Rxd4
Rd8 21. Rxd8 Kxd8 22. f4 b6 23. Kf2 bxa5 24. Bd1 Bd7 25. Ke3 a4 26. Bc2 a3 27.
Bb1 Ba4 28. Kd2 Bb3 0-1

[Event "43. Olimpiada Batumi 2018 Femenina"]
[Site "Batumi GEO"]
[Date "2018.09.24"]
[Round "1.2"]
[White "Secopito, Catherine"]
[Black "Efentakis, Katina"]
[Result "1-0"]
[WhiteElo "2157"]
[BlackElo "1451"]
[PlyCount "41"]
[EventDate "2018.09.24"]
[EventType "team-swiss"]
[EventRounds "11"]
[EventCountry "GEO"]
[SourceTitle "Ajedrez en Madrid"]
[Source "lmi"]
[SourceDate "2018.09.24"]
[WhiteTeam "Philippines"]
[BlackTeam "Mozambique"]
[WhiteTeamCountry "PHI"]
[BlackTeamCountry "MOZ"]

1. d4 d5 2. c4 e6 3. Nc3 Nf6 4. Nf3 Nc6 5. Bg5 Be7 6. e3 h6 7. Bf4 b6 8. cxd5
Nxd5 9. Bb5 Bd7 10. Nxd5 exd5 11. Rc1 g5 12. Bxc7 Qxc7 13. Ne5 Bb4+ 14. Kf1 a6
15. Bxc6 Bxc6 16. Rxc6 Qb7 17. Qa4 Be7 18. Rxb6+ Kf8 19. Rxb7 Bd8 20. Rxf7+ Kg8
21. Qe8# 1-0

[Event "43. Olimpiada Batumi 2018 Femenina"]
[Site "Batumi GEO"]
[Date "2018.09.24"]
[Round "1.3"]
[White "Jefo, Suzete Vicente"]
[Black "Mendoza, Shania Mae"]
[Result "0-1"]
[WhiteElo "1379"]
[BlackElo "2113"]
[PlyCount "48"]
[EventDate "2018.09.24"]
[EventType "team-swiss"]
[EventRounds "11"]
[EventCountry "GEO"]
[SourceTitle "Ajedrez en Madrid"]
[Source "lmi"]
[SourceDate "2018.09.24"]
[WhiteTeam "Mozambique"]
[BlackTeam "Philippines"]
[WhiteTeamCountry "MOZ"]
[BlackTeamCountry "PHI"]

1. e4 e5 2. Nf3 Nc6 3. c3 Nf6 4. d3 d5 5. Bg5 Be7 6. Nbd2 Be6 7. Be2 Qd7 8. h3
h6 9. Be3 g5 10. Nh2 d4 11. cxd4 exd4 12. Bxd4 Nxd4 13. Nhf3 O-O-O 14. Nxd4
Qxd4 15. Qc2 Bb4 16. O-O Bxd2 17. Qxd2 Nxe4 18. Qc2 Ng3 19. Rfd1 Nxe2+ 20. Qxe2
g4 21. Kf1 gxh3 22. gxh3 Bxh3+ 23. Ke1 Rhe8 24. Qxe8 Rxe8+ 0-1

[Event "43. Olimpiada Batumi 2018 Femenina"]
[Site "Batumi GEO"]
[Date "2018.09.24"]
[Round "1.4"]
[White "San Diego, Marie Antoinette"]
[Black "Sitoe, Cheila Andre"]
[Result "1-0"]
[WhiteElo "2102"]
[BlackElo "1545"]
[PlyCount "35"]
[EventDate "2018.09.24"]
[EventType "team-swiss"]
[EventRounds "11"]
[EventCountry "GEO"]
[SourceTitle "Ajedrez en Madrid"]
[Source "lmi"]
[SourceDate "2018.09.24"]
[WhiteTeam "Philippines"]
[BlackTeam "Mozambique"]
[WhiteTeamCountry "PHI"]
[BlackTeamCountry "MOZ"]

1. d4 Nf6 2. Nf3 d6 3. c4 g6 4. Nc3 Bg7 5. e4 O-O 6. h3 Nbd7 7. Be3 b6 8. Be2
Bb7 9. Qc2 c5 10. d5 Ne8 11. O-O Nc7 12. Rad1 Nf6 13. Nh2 Qd7 14. f4 Rae8 15.
e5 Nh5 16. Bxh5 gxh5 17. Nf3 Kh8 18. Ng5 1-0

[Event "43. Olimpiada Batumi 2018 Femenina"]
[Site "Batumi GEO"]
[Date "2018.09.24"]
[Round "1.1"]
[White "Golubenko, Valentina"]
[Black "Atikankhotchasee, Manunthon"]
[Result "1-0"]
[WhiteElo "2254"]
[BlackElo "1667"]
[PlyCount "75"]
[EventDate "2018.09.24"]
[EventType "team-swiss"]
[EventRounds "11"]
[EventCountry "GEO"]
[SourceTitle "Ajedrez en Madrid"]
[Source "lmi"]
[SourceDate "2018.09.24"]
[WhiteTeam "Croatia"]
[BlackTeam "Thailand"]
[WhiteTeamCountry "CRO"]
[BlackTeamCountry "THA"]

1. d4 Nf6 2. c4 Nc6 3. Nf3 d6 4. g3 e5 5. Nc3 Bg4 6. Bg2 Qd7 7. O-O Bxf3 8.
Bxf3 Nxd4 9. Bxb7 Rb8 10. Bg2 Be7 11. e3 Ne6 12. a3 a5 13. Rb1 h5 14. Qa4 Qxa4
15. Nxa4 O-O 16. Bd2 h4 17. Bxa5 h3 18. Bxh3 Ra8 19. b4 Ne4 20. Rfd1 f5 21. Bg2
Ra7 22. f3 Nf6 23. Nc3 f4 24. exf4 exf4 25. Re1 Kf7 26. Rbd1 fxg3 27. hxg3 Nh5
28. Nb5 Rxa5 29. bxa5 c6 30. Nxd6+ Kf6 31. Ne4+ Kf7 32. Rd7 Ke8 33. Rxe7+ Kxe7
34. Nc5 Rf6 35. a6 Kd6 36. Rxe6+ Kxc5 37. Rxf6 Nxf6 38. a7 1-0

[Event "43. Olimpiada Batumi 2018 Femenina"]
[Site "Batumi GEO"]
[Date "2018.09.24"]
[Round "1.2"]
[White "Singsomroj, Sornsawan"]
[Black "Medic, Mirjana"]
[Result "0-1"]
[WhiteElo "1340"]
[BlackElo "2167"]
[PlyCount "62"]
[EventDate "2018.09.24"]
[EventType "team-swiss"]
[EventRounds "11"]
[EventCountry "GEO"]
[SourceTitle "Ajedrez en Madrid"]
[Source "lmi"]
[SourceDate "2018.09.24"]
[WhiteTeam "Thailand"]
[BlackTeam "Croatia"]
[WhiteTeamCountry "THA"]
[BlackTeamCountry "CRO"]

1. e4 e6 2. d4 d5 3. exd5 exd5 4. c4 Nf6 5. Nc3 Be7 6. Bd3 dxc4 7. Bxc4 O-O 8.
Nge2 Nbd7 9. O-O Nb6 10. Bd3 Bg4 11. Qc2 c6 12. f3 Bh5 13. Kh1 Bg6 14. Bxg6
hxg6 15. Qb3 Qd7 16. Bg5 Rfe8 17. Nf4 Qf5 18. Nh3 Rad8 19. Rad1 Nfd5 20. g4 Qd7
21. Nxd5 Nxd5 22. Bxe7 Rxe7 23. Rfe1 Rde8 24. Rxe7 Rxe7 25. Kg1 Re3 26. Rd3
Re1+ 27. Kf2 Qe7 28. Kg3 Ne3 29. g5 Nf5+ 30. Kg4 Qe2 31. Nf4 Rg1+ 0-1

[Event "43. Olimpiada Batumi 2018 Femenina"]
[Site "Batumi GEO"]
[Date "2018.09.24"]
[Round "1.3"]
[White "Ivekovic, Tihana"]
[Black "Prommuang, Araya"]
[Result "1-0"]
[WhiteElo "2114"]
[BlackElo "1495"]
[PlyCount "101"]
[EventDate "2018.09.24"]
[EventType "team-swiss"]
[EventRounds "11"]
[EventCountry "GEO"]
[SourceTitle "Ajedrez en Madrid"]
[Source "lmi"]
[SourceDate "2018.09.24"]
[WhiteTeam "Croatia"]
[BlackTeam "Thailand"]
[WhiteTeamCountry "CRO"]
[BlackTeamCountry "THA"]

1. d4 d5 2. c4 e6 3. Nf3 Nf6 4. g3 Be7 5. Bg2 O-O 6. O-O Nbd7 7. Qc2 c5 8. cxd5
exd5 9. Nc3 b6 10. Rd1 Bb7 11. Bf4 Nh5 12. Bd2 Rc8 13. Rac1 cxd4 14. Nxd4 Bf6
15. Be1 Ne5 16. e3 Qe7 17. Qe2 g6 18. Nxd5 Bxd5 19. Bxd5 Bg7 20. Bc3 Nf6 21.
Bg2 Rfe8 22. Nb5 Red8 23. Rxd8+ Rxd8 24. Rd1 Rxd1+ 25. Qxd1 a6 26. Qd6 Qxd6 27.
Nxd6 Ned7 28. Nc8 Ng4 29. Bxg7 Kxg7 30. h3 Nge5 31. Bd5 b5 32. b4 Nd3 33. a3
N7e5 34. Nd6 f5 35. Bb7 Nc4 36. Nxc4 bxc4 37. Bxa6 Nb2 38. Kf1 c3 39. Ke2 Kf6
40. Bd3 Ke6 41. Bc2 Kd5 42. Bb3+ Kc6 43. a4 Kb6 44. f3 c2 45. Bxc2 Nc4 46. Bb3
Nd6 47. Kd3 h6 48. Kd4 g5 49. e4 f4 50. gxf4 gxf4 51. Ke5 1-0

[Event "43. Olimpiada Batumi 2018 Femenina"]
[Site "Batumi GEO"]
[Date "2018.09.24"]
[Round "1.4"]
[White "Buhagiar, Melita Sunan"]
[Black "Cvitan, Ena"]
[Result "0-1"]
[WhiteElo "1378"]
[BlackElo "2009"]
[PlyCount "80"]
[EventDate "2018.09.24"]
[EventType "team-swiss"]
[EventRounds "11"]
[EventCountry "GEO"]
[SourceTitle "Ajedrez en Madrid"]
[Source "lmi"]
[SourceDate "2018.09.24"]
[WhiteTeam "Thailand"]
[BlackTeam "Croatia"]
[WhiteTeamCountry "THA"]
[BlackTeamCountry "CRO"]

1. e4 c6 2. d4 d5 3. e5 c5 4. c3 Nc6 5. Nf3 Bg4 6. Be2 e6 7. O-O Qb6 8. Qb3
Qxb3 9. axb3 Bxf3 10. Bxf3 cxd4 11. cxd4 Nxd4 12. Bd1 Ne7 13. Re1 Nec6 14. Be3
Bb4 15. Rf1 O-O 16. Ra4 a5 17. Nc3 Rfc8 18. h3 Bxc3 19. bxc3 Nb5 20. Bd4 Nbxd4
21. cxd4 b5 22. Ra1 Nxd4 23. f4 Rc3 24. Rb1 g6 25. b4 a4 26. Rf2 Rc4 27. g3
Rac8 28. Be2 Rc1+ 29. Rxc1 Rxc1+ 30. Bf1 Rc2 31. Rxc2 Nxc2 32. Bxb5 a3 33. Bd3
a2 34. Bxc2 a1=Q+ 35. Kg2 Qb2 36. b5 Qxc2+ 37. Kg1 d4 38. Kh1 d3 39. b6 d2 40.
b7 d1=Q# 0-1

[Event "43. Olimpiada Batumi 2018 Femenina"]
[Site "Batumi GEO"]
[Date "2018.09.24"]
[Round "1.1"]
[White "Shih, Ching-An"]
[Black "Terao, Juliana Sayumi"]
[Result "0-1"]
[WhiteElo "1546"]
[BlackElo "2255"]
[PlyCount "84"]
[EventDate "2018.09.24"]
[EventType "team-swiss"]
[EventRounds "11"]
[EventCountry "GEO"]
[SourceTitle "Ajedrez en Madrid"]
[Source "lmi"]
[SourceDate "2018.09.24"]
[WhiteTeam "Chinese Taipei"]
[BlackTeam "Brazil"]
[BlackTeamCountry "BRA"]

1. e4 c5 2. Nf3 e6 3. d4 cxd4 4. Nxd4 a6 5. Be2 Nf6 6. Nd2 Qc7 7. c3 Bc5 8. Bf3
Nc6 9. N2b3 Be7 10. g3 O-O 11. O-O Rd8 12. Qe2 d6 13. Bg2 Bd7 14. Re1 Rac8 15.
Be3 Ne5 16. Rad1 Re8 17. Bc1 Ba4 18. Nf3 Nfd7 19. Nxe5 dxe5 20. Be3 Nb6 21. Rb1
Nc4 22. Bf1 Bb5 23. Qc2 Red8 24. Nd2 Nxe3 25. Rxe3 Bg5 26. Bxb5 Bxe3 27. fxe3
axb5 28. a3 Rd6 29. Nf3 Qc5 30. Kf2 Rcd8 31. Re1 f6 32. Re2 Qc4 33. Nd2 Qc6 34.
Nf3 Qd7 35. Qb3 Rd3 36. Qc2 Qd6 37. Nd4 Rxe3 38. Rxe3 exd4 39. Rd3 Qc5 40. Kg2
Qc6 41. Kf3 f5 42. Qe2 fxe4+ 0-1

[Event "43. Olimpiada Batumi 2018 Femenina"]
[Site "Batumi GEO"]
[Date "2018.09.24"]
[Round "1.2"]
[White "Alboredo, Julia"]
[Black "Wong, Linda Jane"]
[Result "1-0"]
[WhiteElo "2174"]
[BlackElo "1378"]
[PlyCount "69"]
[EventDate "2018.09.24"]
[EventType "team-swiss"]
[EventRounds "11"]
[EventCountry "GEO"]
[SourceTitle "Ajedrez en Madrid"]
[Source "lmi"]
[SourceDate "2018.09.24"]
[WhiteTeam "Brazil"]
[BlackTeam "Chinese Taipei"]
[WhiteTeamCountry "BRA"]

1. e4 c6 2. d4 d5 3. exd5 cxd5 4. c4 Nf6 5. Nc3 e6 6. Nf3 Bb4 7. cxd5 Nxd5 8.
Bd2 Nc6 9. Bd3 Qb6 10. a3 Be7 11. Na4 Qd8 12. O-O b6 13. Qe2 O-O 14. Nc3 Bb7
15. Rfe1 Rc8 16. Rad1 Re8 17. Bb5 Qc7 18. Rc1 Qb8 19. Qd3 Red8 20. Bxc6 Bxc6
21. Ne5 Be8 22. Qf3 Bf6 23. Qg4 Qb7 24. Ne4 Be7 25. Qg3 Rxc1 26. Bxc1 Nf6 27.
Bh6 g6 28. Nxf6+ Bxf6 29. Qf4 Bg7 30. Ng4 Qe7 31. Bg5 Qd6 32. Qf3 Rc8 33. Nf6+
Kh8 34. d5 e5 35. Qh3 1-0

[Event "43. Olimpiada Batumi 2018 Femenina"]
[Site "Batumi GEO"]
[Date "2018.09.24"]
[Round "1.3"]
[White "Wang, Mi"]
[Black "Librelato, Kathie Goulart"]
[Result "1-0"]
[WhiteElo "1585"]
[BlackElo "2110"]
[PlyCount "139"]
[EventDate "2018.09.24"]
[EventType "team-swiss"]
[EventRounds "11"]
[EventCountry "GEO"]
[SourceTitle "Ajedrez en Madrid"]
[Source "lmi"]
[SourceDate "2018.09.24"]
[WhiteTeam "Chinese Taipei"]
[BlackTeam "Brazil"]
[BlackTeamCountry "BRA"]

1. e4 e5 2. Nf3 Nc6 3. Bc4 Nf6 4. d3 Bc5 5. c3 d6 6. h3 h6 7. O-O O-O 8. Be3
Bb6 9. Nbd2 Ne7 10. Re1 Ng6 11. Bb3 Bxe3 12. fxe3 d5 13. exd5 Nxd5 14. d4 exd4
15. cxd4 Re8 16. Nf1 c6 17. Qd2 Qb6 18. Bxd5 cxd5 19. Qf2 Bd7 20. Rac1 Re7 21.
Rc5 Qd6 22. Rec1 Rae8 23. h4 b6 24. Rc7 Bb5 25. Rxe7 Qxe7 26. h5 Nf8 27. Ne5 f6
28. Ng4 Ne6 29. Qf5 Qd7 30. Ng3 Ng5 31. Qf4 Rc8 32. Rxc8+ Qxc8 33. Nf5 Kh7 34.
Ne7 Qe6 35. Ng6 Qe8 36. Qf5 Bd7 37. Nf8+ Kg8 38. Nxd7 Kh8 39. Qxd5 Ne4 40. Qb7
Ng3 41. Qb8 Qxb8 42. Nxb8 Nxh5 43. Kf2 f5 44. Ne5 g5 45. d5 Nf6 46. d6 Ne4+ 47.
Kf3 Nxd6 48. Nbc6 a6 49. Nb4 h5 50. Nxa6 Kg7 51. b3 Ne4 52. Nd3 Kf6 53. Nab4
Nc3 54. a4 g4+ 55. Kg3 Kg5 56. Nf4 Ne4+ 57. Kh2 Nd2 58. Nbd5 Nxb3 59. Nxb6 Nd2
60. a5 Nf1+ 61. Kg1 Nxe3 62. g3 h4 63. a6 hxg3 64. Ng2 f4 65. a7 Nf5 66. a8=Q
f3 67. Qg8+ Kh5 68. Nf4+ Kh4 69. Ng6+ Kg5 70. Ne7+ 1-0

[Event "43. Olimpiada Batumi 2018 Femenina"]
[Site "Batumi GEO"]
[Date "2018.09.24"]
[Round "1.4"]
[White "Rothebarth, Ana Vitoria de Paul"]
[Black "Cho, Hung-Ling"]
[Result "1-0"]
[WhiteElo "2063"]
[BlackElo "1575"]
[PlyCount "79"]
[EventDate "2018.09.24"]
[EventType "team-swiss"]
[EventRounds "11"]
[EventCountry "GEO"]
[SourceTitle "Ajedrez en Madrid"]
[Source "lmi"]
[SourceDate "2018.09.24"]
[WhiteTeam "Brazil"]
[BlackTeam "Chinese Taipei"]
[WhiteTeamCountry "BRA"]

1. e4 e5 2. Nf3 Nc6 3. Bb5 Nd4 4. Nxd4 exd4 5. O-O c6 6. Bc4 d6 7. Re1 Nf6 8.
c3 dxc3 9. Nxc3 Be7 10. d4 O-O 11. Bd3 h6 12. h3 Re8 13. a4 d5 14. e5 Nd7 15.
Qh5 Nf8 16. f4 Qb6 17. Be3 Qd8 18. Rad1 Bh4 19. Rf1 Be7 20. Kh1 f5 21. Bxf5
Bxf5 22. Qxf5 Qc8 23. Qd3 Bh4 24. f5 Qd8 25. Rf3 Kh8 26. Rdf1 Bg5 27. Bxg5 Qxg5
28. Rg3 Qh5 29. Ne2 Qf7 30. Nf4 Rac8 31. e6 Qc7 32. Nh5 Re7 33. f6 gxf6 34.
Nxf6 Nxe6 35. Qg6 Rg7 36. Qxh6+ Rh7 37. Nxh7 Qxh7 38. Qxe6 Ra8 39. Qf6+ Qg7 40.
Qxg7# 1-0

[Event "43. Olimpiada Batumi 2018 Femenina"]
[Site "Batumi GEO"]
[Date "2018.09.24"]
[Round "1.1"]
[White "Baciu, Diana"]
[Black "Tjaronda, Nicola"]
[Result "1-0"]
[WhiteElo "2266"]
[BlackElo "1503"]
[PlyCount "39"]
[EventDate "2018.09.24"]
[EventType "team-swiss"]
[EventRounds "11"]
[EventCountry "GEO"]
[SourceTitle "Ajedrez en Madrid"]
[Source "lmi"]
[SourceDate "2018.09.24"]
[WhiteTeam "Moldova"]
[BlackTeam "Namibia"]
[WhiteTeamCountry "MDA"]
[BlackTeamCountry "NAM"]

1. e4 c5 2. Nf3 Nc6 3. Bb5 g6 4. Bxc6 bxc6 5. O-O d6 6. Re1 Bg7 7. c3 Qc7 8. h3
e6 9. d4 cxd4 10. cxd4 d5 11. Nc3 Ne7 12. Bg5 Bb7 13. Rc1 Qd7 14. Ne5 Qd6 15.
Bxe7 Kxe7 16. exd5 Bxe5 17. dxe5 Qd7 18. d6+ Kf8 19. Ne4 Rc8 20. Nc5 1-0